000 00732nam a2200217Ia 4500
003 GCL
005 20240530102156.0
008 140319s9999 xx 000 0 ara d
040 _aGCL /
_cGCL
082 0 4 _aع
_b610.73303
_bف م
110 1 _aقسم الابحاث والترجمة
245 1 0 _aمعجم التمريض : انجليزى - عربى - فرنسى /
_cاعداد قسم الابحاث والترجمة ؛ تقديم فيصل نجار
260 _a[S.N] :
_bالدار العربية للعلوم ،
_c1988
300 _a300 ص
650 0 4 _aالمراجع
650 0 4 _aمصطلحات
650 0 4 _aالاجهزة
650 0 4 _aالتمريض
700 _4فيصل نجار
_eمقدم
942 _2ddc
_cBK
999 _c30326
_d30326